El Movimiento obrero en Pánama: 1880 - 1914

Sábháilte in:
Sonraí bibleagrafaíochta
Príomhchruthaitheoir: Navas, Luis
Údar corparáideach: Confederación Universitaria Centroamericana
Formáid: Téacs
Foilsithe / Cruthaithe: San José: EDUCA
Clibeanna: Cuir clib leis
Níl clibeanna ann, Bí ar an gcéad duine le clib a chur leis an taifead seo!

MARC

LEADER 00000 a a2200000 04500
001 25561
003
040
090 |a 154802  
100 |a Navas, Luis  
110 |a Confederación Universitaria Centroamericana  
245 |a El Movimiento obrero en Pánama: 1880 - 1914  
260 |a San José:   |b EDUCA  
300 |a 175 p.  
999 |c 16127  |d 16127